|
|
|
|
| LEADER |
00000cam a2200000 7i4500 |
| 001 |
0000027042 |
| 005 |
20161111.0 |
| 008 |
161006 my v may |
| 040 |
|
|
|a INS
|
| 090 |
0 |
0 |
|a VCD 2456
|
| 245 |
0 |
0 |
|a 8th International Real Estate Research Symposium (IRERS) 2016 :
|b Leading the way :
|b Innovation in real estate (Planery Session) [
|h video recording] :
|b 28 April 2016
|
| 260 |
|
|
|a Kuala Lumpur :
|b Putra World Trade Centre ,
|c 2016
|
| 300 |
|
|
|a 2 video disc (3hours 12minute) :
|b sound, color ;
|c 4 3/4 in.
|
| 650 |
|
0 |
|a Real estate business
|v Congresses.
|
| 650 |
|
0 |
|a Real property
|v Congresses.
|
| 710 |
1 |
|
|a Institut Penilaian Negara
|
| 999 |
|
|
|a VCD0002478
|b DIGITAL VIDEO CD
|c Media Collection
|e Default branch
|
| 999 |
|
|
|a VCD0002479
|b DIGITAL VIDEO CD
|c Media Collection
|e Default branch
|